000 01041cam a22003257a 4500
003 CHAP
005 20220329141434.0
008 971013s1986 pe r 00010 spa d
010 _a68120
011 _a69092
035 _a78566
040 _cCHAP
090 _aFolleto 10717 (1986)
100 0 0 _aHuamán, Zósimo.
_956573
245 1 0 _aBotánica sistemática y morfología de la papa
250 _a2 ed. rev.
260 _aLima :
_bCentro Internacional de la Papa,
_c1986
300 _a22 p.
490 0 _aBoletín de información técnica
_v; 6
590 _aBATCH-UPD
_b10
_c20130110
_lUCH01
_h2107
590 _aBATCH-UPD
_b10
_c20130410
_lUCH01
_h1418
590 _aBATCH-UPD
_b10
_c20130914
_lUCH01
_h0736
590 _aCONVERSION
_b10
_c20130109
_lUCH01
_h1337
650 1 4 _aBotánica
_xClasificación.
_914516
650 1 4 _aPapa
_xFisiología y morfología.
_985238
830 0 _aBoletín de información técnica
_v; 6
_913530
901 _aBK
942 _cFOLL
949 _aFolleto 10717 (1986)
_bBC
_cFOLL
_d-31440
_eTS1
_i78566
_si
999 _c68120
_d68120